000 00802cam a22002771 4500
999 _c523618
_d523618
001 9398333
003 NUST
005 20190516073053.0
008 720201s1965 nyu b 000 0 eng
010 _a 65025140
035 _a(OCoLC)231366
038 _a0
040 _aDLC
_cOCedC
_dOCoLC
_dDLC
042 _apremarc
050 0 0 _aBT921
_b.L167 1965
082 _a129.6
100 1 _aLamont, Corliss,
_d1902-1995.
_914354
245 1 4 _aThe illusion of immortality.
_cIntrod. by John Dewey.
250 _a5th ed.
260 _aNew York,
_bF. Ungar Pub. Co.
_c[1990]
300 _axiii, 303 p.
_c21 cm.
504 _aBibliographical references included in "Notes" (p. [279]-295)
650 0 _aImmortality.
_914355
906 _a7
_bcbc
_coclcrpl
_du
_encip
_f19
_gy-gencatlg
942 _2ddc
_cBK